Los Sujetos pasivos del impuesto sobre el valor añadido : con especial referencia al ordenamiento jurídico italiano / Manuel González Sánchez con especial referencia al ordenamiento jurídico italiano / Manuel González Sánchez
ISBN:
84-7196-183-0
Descripción Física:
342 p. ; 24 cm
Colección:
Estudios de hacienda pública
Materias:
Impostos sobre el valor afegit
MARC
| LEADER | 00000nam a2200000Ia 4500 | ||
|---|---|---|---|
| 001 | 14038 | ||
| 008 | 160829s9999 xx 000 0 cat d | ||
| 020 | |a 84-7196-183-0 | ||
| 080 | |a M-4-90 | ||
| 100 | |a González Sánchez, Manuel |9 24890 | ||
| 245 | |a Los Sujetos pasivos del impuesto sobre el valor añadido : |b con especial referencia al ordenamiento jurídico italiano / Manuel González Sánchez | ||
| 260 | |a [Madrid] : |b Instituto de Estudios Fiscales, DL 1976 | ||
| 300 | |a 342 p. ; |c 24 cm | ||
| 490 | |a Estudios de hacienda pública | ||
| 590 | |a Notes, referències bibliogràfiques | ||
| 650 | |a Impostos sobre el valor afegit |9 25402 | ||
| 710 | |a Instituto de Estudios Fiscales (Madrid) |9 52635 | ||
| 901 | |a Arxiu | ||
| 942 | |n 1 | ||
| 952 | |0 0 |1 0 |4 0 |6 M490 |7 1 |9 43362 |a Arxiu |b Arxiu |d 2016-12-01 |l 0 |o M-4-90 |p 14038 |r 2016-12-01 00:00:00 |w 2016-12-01 |y ARXIU | ||
| 999 | |c 45907 |d 45907 | ||